000 00476nam a2200133Ia 4500
008 100328s9999 xx 000 0 und d
082 _b11030
100 _aबोरकर लक्ष्मीदास
245 _aनिंबोणीच्या झाडाखाली
260 _bआरााना
630 _aनिंबोणीच्या झाडाखाली
730 _aनिंबोणीच्या झाडाखाली
942 _cBOOK
999 _c506367
_d506364